|
|
|
|
| LEADER |
01009nam a2200253 a 4500 |
| 001 |
2962621 |
| 008 |
110824r19921979nyu b 001 0 eng |
| 010 |
|
|
|a 91050707
|
| 020 |
|
|
|a 0679739882 :
|c $11.00 ($14.00 Can.)
|
| 040 |
|
|
|a DLC
|c DLC
|d DLC
|d BD-DhAAL
|
| 043 |
|
|
|a a-is---
|a ma-----
|
| 082 |
0 |
0 |
|a 327.5694017/4927
|2 20
|
| 100 |
1 |
|
|a Said, Edward W.
|
| 245 |
1 |
4 |
|a The question of Palestine /
|c Edward W. Said.
|
| 260 |
|
|
|a New York :
|b Vintage Books,
|c 1992.
|
| 300 |
|
|
|a xlv, 273 p. ;
|c 21 cm.
|
| 500 |
|
|
|a Originally published: New York : Times Books, c1979. With new introd. and epilogue.
|
| 504 |
|
|
|a Includes bibliographical references (p. 245-251) and index.
|
| 541 |
|
|
|e 00014435
|
| 650 |
|
0 |
|a Jewish-Arab relations.
|
| 650 |
|
0 |
|a Palestinian Arabs.
|
| 852 |
1 |
|
|a Ayesha Abed Library
|c General Shelf.
|
| 999 |
|
|
|c 11224
|d 11224
|
| 952 |
|
|
|0 0
|1 0
|2 ddc
|4 0
|6 327_569401749270000_SAI
|7 0
|9 17943
|a BRACUL
|b BRACUL
|c GEN
|d 2011-09-06
|l 12
|m 112
|o 327.56940174927 SAI
|p 3010014435
|r 2025-10-26
|s 2025-04-30
|t 1
|w 2011-09-06
|y BK
|